Quizzes
Events
Quiz Creation
Community
Videos
Private Events
Remove Ads
Sign In
Join for FREE
Feedback
Dark Mode
Quiz Categories
Sports
Geography
Music
Movies
Television
Just For Fun
Miscellaneous
History
Literature
Language
Science
Gaming
Entertainment
Religion
Holiday
For Kids
Quiz Lab
Recent
Popular Today
Quiz Kudos Today
Editor Picks
Curator Picks
Quizzes by...
Day
Popularity
Type
Ratings
Length
Year
Community
Subscriptions
Recent Discussions
Orange Saloon
Badges
Playlists
Quests
Create
Leaderboards
Showdown
Live 5
Trivia Bingo
Activity
Puzzle Library
Sporcle Events
Private Events
Virtual Trivia
Globe League
Become a Host
Pub Owners
SporcleCon
Opinionation
Our Games
Videos
Blog
Mobile Apps
Partnerships
Remove Ads and Go Orange
Feedback
Sports
Athletes
MLB
NBA
NHL
NFL
Soccer
Sports Teams
WWE
NCAA
Football
Premier League
Basketball
Baseball
Hockey
Golf
Tennis
Cricket
Rugby
Auto Racing
Olympics
World Cup
Sports
Athletes
MLB
NBA
NHL
NFL
Soccer
Sports Teams
WWE
NCAA
Football
Premier League
Basketball
Baseball
Hockey
Golf
Tennis
Cricket
Rugby
Auto Racing
Olympics
World Cup
Random Quiz
Search Sporcle
×
Quiz Lab
Quiz Lab
Sports
MLS
Type in answers that appear in a list
Type in answers that appear in a list
Classic
Best Score? Go Orange.
MLS Designated Player by nationality Stats
Can you name the MLS Designated Players by nationality?
By
leparisieng
4m
21 Questions
55 Plays
55 Plays
55 Plays
Comments
Comments
Give Quiz Kudos
Give Quiz Kudos
-
- Ratings
hide this ad
More Info
Replay
Link that replays current quiz
Next Quiz
Link to next quiz in quiz playlist
You Got
0%
They Got
Avg Score
39%
Avg Friend Score
Upgrade to see
Score Distribution
Jump to the score distribution portion of the page
Score
0/21
Timer
04:00
0
Plays Today
Nationality
Name
% Correct
French
Thierry Henry
87.3%
English
David Beckham
85.5%
American
Landon Donovan
83.6%
Colombian
Juan Pablo Ángel
58.2%
Mexican
Rafael Márquez
54.5%
Swedish
Freddie Ljungberg
45.5%
Canadian
Julian de Guzman
43.6%
Uruguayan
Alvaro Fernandez
38.2%
Argentinean
Guillermo Barros Schelotto
36.4%
Swiss
Blaise Nkufo
36.4%
Spanish
Mista
34.5%
Nationality
Name
% Correct
Montenegrin
Branko Boškovic
32.7%
Mexican
Cuauhtémoc Blanco
29.1%
American
Claudio Reyna
27.3%
Mexican
Nery Castillo
27.3%
Mexican
Omar Bravo
21.8%
Brazilian
Geovanni
20%
Brazilian
Luciano Emilio
18.2%
Argentinean
Claudio López
16.4%
Mexican
Luis Ángel Landin
14.5%
Argentinean
Marcelo Gallardo
12.7%
Quiz Playlist
Details
Report
Send in Message
Add To Playlist
More Info:
This quizz includes the past and current Designated Players who played in the Major League Soccer.
Classic:
Type in answers that appear in a list
Last Updated: Feb 16, 2017
Quiz Scoreboard
CHALLENGE
Sign Up to Join the Scoreboard
Show All
Scores
Hide
Comments
May contain spoilers
Recently Published
Click the 1999 NBA Draft
by nibperrychub
Sports
2m
Alphabetical 'K' Countries by Flag Minefield
by ylime102
Geography
3m
Pick 6: Fruits
by JohnFran
Miscellaneous
15s
More to Explore
Quiz From the Vault
Featured Blog Post
15 Basketball Trivia Facts You Can Be March Mad About
hide this ad
You Might Also Like...
Tags
Designated
MLS
Nationality
Player
Today's Top Quizzes in Sports
Browse Sports
hide this ad
Today's Top Quizzes in MLS
Browse MLS
Top Contributed Quizzes in Sports
1
Les joueurs à 100 buts en Ligue 1 Uber Eats
2
Pick 6: NFL Teams
3
MLB 2 truths and a lie: Hall of Fame pitchers
4
2022 World Cup Stars
5
Criteria MLB: Left Handed Sluggers
6
Millionaire: NBA Finals Edition
7
Pick 6: Minor League Baseball
8
Click the 1998 NBA Draft
9
Don't Strike Out: 3000 Strikeouts
10
Pick 6: Olympics
Explore More
Trending Topics
Anime
Disney
Marvel
Crossword
Harry Potter
NBA
Kpop
Song
Puzzle
The Office
Soccer
Pokémon
NFL
WWE
Country
hide this ad
More By:
leparisieng
Quiz
Plays
Rating
Category
Featured
Created
MLS Designated Player by nationality
55
3.50
Sports
Aug 28, 2010
MLS Designated Player by team
27
Sports
Aug 28, 2010
Go to Creator's Profile
Score Distribution
Quiz Creator Spotlight
leparisieng
Follow
Send a Message
Quizzes Created
-
Created Quiz Play Count
-
More By This Creator
Popular Quizzes Today
1
Countries of Asia Without Outlines Minefield
2
Find the US States - No Outlines Minefield
3
Pick 6: Fruits
4
Alphabetical 'K' Countries by Flag Minefield
5
The Countries of the World
6
Find the US States
7
US States
8
Match the Book to the Film X
More Sports Quizzes
Top 50 NBA Players of the 2010s
Quiz Lab
Trending Quizzes
Pick 6: Mountains
Pick 6: Harry Potter
Pick 6: NFL Teams
Pick 6: Movie Franchises
Pick 6: Flags
Recently Updated
NWSL Teams
pecheneg
Women's Final Four Teams by Year
bhenderson79
Presidents Quartet II
eogle
Anything But Clue(do)
eogle
Anything But Oceanian Capitals
eogle
Anything But 7
eogle
Anything But Thing
eogle
Word Ladder: February 29
pecheneg
Song Title Questions
pecheneg
Women's NCAA Tournament #1 Seeds
pecheneg
Trending Topics
NBA
Harry Potter
Disney
Crossword
Anime
Marvel
Kpop
WWE
Country
Pokémon
Song
Puzzle
Soccer
NFL
The Office
Your Account Isn't Verified!
In order to create a playlist on Sporcle, you need to verify the email address you used during registration. Go to your
Sporcle Settings
to finish the process.
Report this User
Report this user for behavior that violates our
Community Guidelines
.
Details:
Send Report
Go to the Sporcle.com Mobile Site →
Comments